000 00810na a2200265 4500
001 18995
003 MIRAKIL
005 20181213154946.0
008 161206b tu 000 0
020 _a97897560564398
035 _a18995
040 _aMilas
_btur
_cTR-AnCHP
041 _atur
082 _a352.56226
_bA72 2013
090 _a352.56226 A72 2013
245 _aAtaşehir'de sosyal değişim
_bsosyal değişim sosyal gelişim (SDSG)
_cAykut Toros...[ve öte.]
246 _aSosyal değişim sosyal gelişim (SDSG)
260 _aİstanbul
_bATASAV
_c2013
300 _a193 s.
_btbl. ; grf.
_c24 sm.
490 _aATASAV Bilimsel Yayınlar
_v1
650 _aYerel yönetimler
_zTürkiye
650 _aBelediyecilik
_zTürkiye
651 _aAtaşehir (İstanbul)
_zTürkiye
942 _2dcc
_cBKS
999 _c3883
_d3883